Código de Procedimiento Civil: edición oficial
Furkejuvvon:
| Materiálatiipa: | Girji |
|---|---|
| Giella: | espánnjágiella |
| Almmustuhtton: |
Santiago, Chile
Jurídica de Chile
1958
|
| Fáttát: | |
| Fáddágilkorat: |
Lasit fáddágilkoriid
Eai fáddágilkorat, Lasit vuosttaš fáddágilkora!
|
MARC
| LEADER | 00000nam a2200000 a 4500 | ||
|---|---|---|---|
| 001 | UCT2908 | ||
| 003 | CL-VaPUC | ||
| 005 | 20240819131914.0 | ||
| 008 | 961018e19580000CL |||||||||||||||||spa|d | ||
| 999 | |c 252797 |d 252795 | ||
| 040 | |c Pontificia Universidad Católica de Valparaíso | ||
| 082 | 0 | 4 | |a 347.83 COD 1958 |2 21 |
| 245 | 1 | 0 | |a Código de Procedimiento Civil: edición oficial |
| 260 | 0 | 3 | |a Santiago, Chile |b Jurídica de Chile |c 1958 |
| 300 | |a 352 páginas | ||
| 583 | |a last modification |c 20111020 11:20:17 |k Rodrigo Vera | ||
| 650 | 0 | |a Código de procedimiento civil |9 256305 | |
| 650 | 0 | |a Procedimiento civil |9 254870 | |
| 650 | 7 | |a HERENCIAS |2 CL-VaPUC |9 334113 | |
| 650 | 0 | |a Donaciones |9 371911 | |
| 650 | 0 | |a Asignaciones |9 371912 | |
| 650 | 0 | |a Abandono de familia |9 336548 | |
| 650 | 0 | |a Pensiones alimenticias |9 371913 | |
| 650 | 7 | |a PREVISION |2 CL-VaPUC |9 371914 | |
| 650 | 0 | |a Corte suprema |9 370023 | |
| 650 | 7 | |a LEGISLACION |2 CL-VaPUC |9 371915 | |
| 942 | |c BK |2 ddc | ||
| 945 | |d 19961018 00:00:00 |a nastorga | ||
| 952 | |0 0 |1 0 |2 ddc |4 0 |6 347_830000000000000_COD_1958 |7 0 |8 FOND_LRYV |9 272892 |a BIBDER |b BIBDER |d 2019-11-19 |i 3241971 |o 347.83 COD 1958 |p 3241971 |r 2023-01-25 |t 1 |w 2019-11-19 |y BK_X |k DER | ||